Estadísticas para Historia de México

Haz click aquí para intentar la prueba.

Estadísticas generales

  • Esta prueba ha sido intentada 792 veces
  • La puntuación promedio es 11 de 20

Estadísticas de respuestas

PistaRespuesta% Correcto
El territorio mexicano anexado por EE. UU. en 1845Texas
82%
Este conquistador empezó la conquista de MéxicoHernán Cortés
81%
La ciudad de México está construida sobre Tenochtitlán,
la capital de este imperio
Azteca
75%
¿Cuál objeto, encontrado en la bandera mexicana,
representa la cultura mexicana y precolombina?
Águila
74%
En la época colonial, una persona de raza blanca y raza india se llamaba asíMestiza
70%
El "Padre de la Patria"Miguel Hidalgo
67%
También fue la sede de los Juegos Olímpicos en este año1968
66%
El día de independencia16 de septiembre
62%
Se suele llamar el primer conflicto bélico con Francia la Guerra de los _______Pasteles
60%
México ha sido sede de este evento en 1970 y 1986Copa Mundial de la FIFA
59%
Este vestigio maya es una de las nuevas siete maravillas del mundo modernoChichén Itzá
58%
Aunque se modernizó el país, la dictadura de él no era favorecida por la mayoríaPorfirio Díaz
58%
Presidente en los primeros años del siglo XXIVicente Fox
54%
Primer presidente de MéxicoGuadalupe Victoria
50%
A veces llamado mexicano, el nombre México viene de este idiomaNáhuatl
44%
Presenció la aparición de la Virgen de GuadalupeJuan Diego
40%
Este tipo de gramínea se introdució al mundo gracias a MéxicoMaíz
35%
Palabra que significa una de las fincas agrícola en el Nuevo MundoHacienda
32%
Después de su fuga, él se considera un hombre «implacable y determinado»El Chapo Guzmán
31%
El acto que facilitó la independencia ese díaGrito de Dolores
20%

Distribución de puntuación

Porcentaje por número respondido

Porcentaje de gente con cada puntuación

Historial de tus puntuaciones

No has intentado esta prueba.